Name a Valid 'S' Country - Statistics

General Stats
  • This quiz has been taken 157 times
  • The average score is 19 of 22
Answer Stats
Name a valid 'S' country... # Answer % Correct
with an average temperature below 10° C (50° F) 4 Slovakia | Slovenia | Sweden | Switzerland
97%
that has a McDonald's 13 Samoa | Saudi Arabia | Serbia | Singapore | Slovakia | Slovenia | South Africa | South Korea | Spain | Sri Lanka | Suriname | Sweden | Switzerland
95%
that is in the top 10 in the HDI (Human Development Index) as of 2022 3 Sweden | Switzerland | Singapore
94%
that is part of Africa 8 South Africa | Sudan | South Sudan | Sao Tome and Principe | Seychelles | Somalia | Senegal | Sierra Leone
93%
that has the word "South" 3 South Korea | South Sudan | South Africa
93%
which ends with an A 10 Saint Lucia | Samoa | Sri Lanka | Saudi Arabia | Somalia | South Africa | Slovakia | Slovenia | Serbia | Syria
92%
with a life expectancy below 70 7 Sao Tome and Principe | Senegal | Sierra Leone | Somalia | South Africa | South Sudan | Sudan
91%
that is a majority Islamic country 6 Syria | Saudi Arabia | Senegal | Somalia | Sudan | Sierra Leone
91%
that has 20 or more billionaires 5 Singapore | South Korea | Spain | Sweden | Switzerland
90%
who's flag has a star 9 Senegal | St. Kitts and Nevis | Syria | Somalia | Sao Tome and Principe | South Sudan | Samoa | Solomon Islands | Suriname
89%
with French as an official language 3 Senegal | Seychelles | Switzerland
87%
that begin with the word "Saint" 3 Saint Lucia | St. Vincent and the Grenadines | St. Kitts and Nevis
85%
with an area above 1 million kilometers squared 3 South Africa | Sudan | Saudi Arabia
85%
that receives more than 1,000 mm worth of rain on average annually 14 Switzerland | Suriname | Sri Lanka | South Korea | Solomon Islands | Slovenia | Singapore | Sierra Leone | Seychelles | Sao Tome and Principe | Samoa | St. Vincent and the Grenadines | Saint Lucia | St. Kitts and Nevis
85%
that drive on the left side of the road 10 Suriname | Sri Lanka | South Africa | Solomon Islands | Singapore | Seychelles | Samoa | St. Kitts and Nevis | St. Vincent and the Grenadines | Saint Lucia
83%
which has less than 250 people per sq km 11 Samoa | Saudi Arabia | Senegal | Serbia | Solomon Islands | Somalia | South Africa | South Sudan | Sudan | Suriname | Sweden
82%
that is an island nation 8 Sri Lanka | Samoa | Saint Lucia | Seychelles | St. Vincent and the Grenadines | St. Kitts and Nevis | Solomon Islands | Sao Tome and Principe
81%
that has a population over 10,000,000 11 South Africa | South Korea | Sudan | Spain | Saudi Arabia | Syria | Sri Lanka | Somalia | Senegal | South Sudan | Sweden
80%
that gained independence before 1960 9 South Africa | Sudan | Saudi Arabia | Sri Lanka | South Korea | San Marino | Spain | Sweden | Switzerland
80%
inside of a country 1 San Marino
72%
that is an archipelago 4 Sao Tome and Principe | St. Vincent and the Grenadines | Seychelles | Solomon Islands
72%
that has a maximum elevation above 10,000 feet 4 South Africa | South Sudan | Spain | Switzerland
72%
No matching quizzes found
Score Distribution
Percent of People with Each Score
Percentile by Number Answered
Your Score History
You have not taken this quiz